Responses for Primetime Celebrity Jeopardy! game #19 - Wednesday, November 1, 2023

2023-2024 Primetime Celebrity Jeopardy! quarterfinal game 6.

Contestants

[<< previous game]

Peter Facinelli, an actor, writer, and director originally from Queens, New York

Sheryl Underwood, a single stand-up comedian from Studio City, California

Dulé Hill, an actor and tap dancer originally from Sayreville, New Jersey

[next game >>]

Jeopardy! Round responses

CONSTITUTIONAL MATTERS
COLORFULLY NAMED PEOPLE
HAIL TO THE CHEF
MARRIAGE STORY
ICONIC MAN-PERMS
G-I TRACT
    $100 12
(Dulé: Uh, what is the 18th?)
...
(Dulé: Oh, my gosh.)
(Ken: Yeah, I think Dulé was drinkin' a little bit early.)
(Dulé: [Sinking down behind his lectern] Oh, my gosh! Oh! Oh!)
(Ken: We learned a little too much about your, uh, your youth, there, Dulé.)
(Dulé: I was thinking about what I was doing, not what the legal thing was. Okay. Got it.)
(Peter: I got that by default, but I'll take it.)

the 21st Amendment

DuléPeter
    $100 1
Robert Redford

Peter
    $100 26
Eisenhower

Sheryl
    $100 16
(Ken: That's Eva [*] of Evita fame.)

Perón

Triple Stumper
    $100 11
(Sheryl: Oh, yeah! The dude late at night with the natural! Got it!)

(Bob) Ross

Dulé
    $100 10
Gemini

Sheryl
    $200 13
(Peter: What is Washington, D.C.?)

Philadelphia

DuléPeter
    $200 2
Jack Black

Dulé
    $200 27
[Ken pronounces the recipe name in the accent of the correct-response figure--"chowduh".]

Kennedy

Dulé
    $200 22
[Ken reads the bride's dialogue in the accent of the correct-response figure.]
(Sheryl: Who is Childs?)
(Ken: Sorry, no.)
(Sheryl: Oh, I didn't say "Who is Childs?")
(Ken: Dulé or Peter, can you take it? Dulé?)
(Dulé: Who is Julia Childs?)
(Ken: Also incorrect, I'm afraid. Peter?)
(Dulé: Dang it!)
(Sheryl: I know, you shouldn't've listened to me.)
(Peter: Who is... Julia [*]?)
(Ken: [*], singular, yeah.)

Child

DuléSherylPeter
    $200 9
Mike Brady

Peter
    $200 18
(Peter: I was gonna say one of my movies, but... that doesn't end in "G-I", though, so...)

Gigli

Peter
    $300 14
(Ken: You've got some TV background helping you out, here.)
(Peter: We know.)
(Sheryl: You know he was on West Wing. Stop playing, boy. Right there!)

president

Dulé
    $300 3
Jennifer Grey

Sheryl
    $300 28
Bobby Flay

Sheryl
    $300 23
(Dulé: Who is Park?)
(Ken: No, I'm sorry.)
(Dulé: [*]! Dagnabbit! Oh, my God!)
...
[Peter pauses on the "K" and draws out a sibilant final "S" for effect.]
...
(Sheryl: We are about to lose our Black card on Jeopardy!, baby!)
(Dulé: I cannot believe this!)

Parks

DuléPeter
    $300 6
"Weird Al" Yankovic

Sheryl
    $300 19
the Gobi Desert

Peter
    $400 15
Hamilton

Peter
    $400 5
Pink

Sheryl
    $1,100 29
(Sheryl: What? Say it--? Oh, uh, "at this Virginia estate"? Oh, um, where is...)
(Ken: Sorry, out of time. [*], the name of that is--)
(Sheryl: Damn! All you had to say was "money earnin'", and I would've said [*]!)

Mount Vernon

Sheryl
    $400 24
(Dulé: Who is [*]?)
(Ken: No "S", yes! Phylicia [*].)
(Dulé: Oh! You threw me with that "No". I was like, "Man, don't do it to me, Ken!")

Rashad

Dulé
    $400 8
Kiss

Sheryl
    $400 20
(Ken: You just beat Peter to Italian food.)
[Sheryl laughs in celebration.]
(Peter: I know, I know.)
(Ken: How does that feel?)
(Peter: I was thinking "goulash-i", but, uh...)
(Sheryl: Mangia, baby! Mangia, baby!)
(Peter: I'm embarrassed right now, I'm embarrassed. My mom--sorry, mom, I'm so sorry. So sorry.)

gnocchi

Sheryl
    $500 17
(Sheryl: [Under her breath] I don't wanna say.)
(Ken: Sheryl, I think you were gonna go. It's still the smallest today--[*].)
(Sheryl: Oh, man, and I knew it! Oh, man!)
(Dulé: Oh, see, I woulda got it wrong! I woulda got it wrong.)
(Sheryl: I shoulda said it. You know what? I was better on the couch.)
(Ken: [Laughs] It's a lot easier at home. Right? Peter, back to you.)
(Sheryl: Oh, I kill it on the couch. I win everything on the couch. Can y'all just drag a couch up here and let me sit down?)

Rhode Island

Triple Stumper
    $500 4
[Ken indicated that the response of her maiden name was acceptable.]

Justice (Ketanji) Brown (Jackson)

Dulé
    $500 30
Thomas Jefferson

Sheryl
    $500 25
(Sheryl: Who is... Canton?)
...
(Ken: That hurt me, Sheryl. You were so close.)

Stanton

Sheryl
Triple Stumper
    $500 7
American Hustle

Triple Stumper
    $500 21
Rob Gronkowski

Sheryl

Scores at the first commercial break (after clue 15):

Dulé Sheryl Peter
$1,200 $1,500 $600

Scores at the end of the Jeopardy! Round:

Dulé Sheryl Peter
$1,300 $1,500 $1,600

Double Jeopardy! Round responses

COMPOSER PLAYLISTS
BEST PICTURE WINNERS IN A NUTSHELL
A YEAR THAT ENDS IN ZERO
(Ken: We'll give you the events; you tell us what year that ends in zero they all happened in.)
PENINSULAS
HEADQUARTERED IN
(Ken: We'll need the name of the city.)
"BROWN" OUT
(Ken: "Brown" is in quotation marks; that means that word will appear in all the correct responses.)
    $200 17
Tchaikovsky

Triple Stumper
    $200 6
The Hurt Locker

Sheryl
    $200 15
1970

Peter
    $200 16
(Dulé: What is Asian?)

Europe

Dulé
Triple Stumper
    $200 18
Detroit

Dulé
    $200 1
brownbagging

Dulé
    $400 23
(Ken: You guys share a love of not listening to classical music.)
...
(Dulé: Just keep on going down that list.)

Wagner

Triple Stumper
    $400 7
The French Connection

Sheryl
    $400 14
(Peter: What is 1930?)

1920

SherylPeter
    $400 27
(Peter: Uh, where is Maine?)

Cape Cod

Peter
Triple Stumper
    $400 19
(Sheryl: Um, where is... San Francisco?)

Seattle

SherylPeter
    $400 2
brown sugar

Dulé
    $3,000 24
(Sheryl: I'm 'bout to blow this... Oh, oh, um, oh, uh, Scott, uh, ah, ah, ah, ow, dawg, I can't remember the rest of it. Uh... tah!)
(Ken: I'm afraid that's time. It is Scott. I didn't know you were on a first-name basis with [*].)
(Sheryl: Yes! Daggonit!)
(Ken: That drops you down to $2,900, but you still have the lead, Sheryl.)
(Sheryl: I don't wanna play no mo'.)
[Laughter]
(Ken: Okay... twenty minutes of tap dancing on ABC. Here we go.)
[Laughter]

Scott Joplin

Sheryl
    $600 8
(Ken: What was it called? It's driving Sheryl nuts! What is [*]?)
(Sheryl: Yeah! With, uh, that wonderful actress, she was in Fargo. I'm sorry, too much information. Go ahead, Ken.)
(Ken: You need to select for us, Sheryl.)
(Sheryl: Oh! Sorry.)

Nomadland

Triple Stumper
    $600 13
(Dulé: What is 1960?)
...
(Ken: Dulé helped you out.)
(Sheryl: I was there. I was there when it happened.)

1950

DuléSheryl
    $600 28
Korea

Triple Stumper
    $600 20
Atlanta

Sheryl
    $600 3
(Peter: Who is my [*]?)

"Brown Eyed Girl"

Peter
    $800 25
Bach

Triple Stumper
    $800 9
Rain Man

Peter
    $800 12
2000

Dulé
    $800 29
an island

Peter
    $800 21
(Ken: You seem very excited. That's great.)
(Sheryl: Yeah!)

Memphis

Sheryl
    $800 4
brown noise

Sheryl
    $1000 26
(Ken: That's the great modern composer [*]. I think we just heard some of his work.)

John Cage

Triple Stumper
    $500 10
(Peter: Oh! Um, I know this. Who--what is, uh, Steel Magnolias? Er--)
(Ken: No, I'm sorry. What's [*]?)
(Peter: Yesss!)
(Ken: There's a lot less Russian roulette in Steel Magnolias. It's uh--that's--that's how I tell them apart.)
(Peter: The "Steel" threw me off. The "Steel" threw me off!)

The Deer Hunter

Peter
    $1000 11
1980

Sheryl
    $1000 30
the Dingle Peninsula

Triple Stumper
    $1000 22
Chicago

Triple Stumper
    $1000 5
(Ken: Not one you wanted to guess on.)

The quick brown fox jumps over the lazy dog.

Triple Stumper

Scores at the Double Jeopardy! Round commercial break (after clue 15):

Dulé Sheryl Peter
$2,100 $4,900 $2,300

Scores at the end of the Double Jeopardy! Round:

Dulé Sheryl Peter
$2,100 $2,900 $3,100

Triple Jeopardy! Round

ENGLISH DIALECTS AND ACCENTS
UNDER THE HAMMER
IN BOOKSTORES NOW
VITAMINS & MINERALS
HORSE, HOG, OR DOG
(Ken: I'll give you the breeds and you tell me whether I'm talking about horses, hogs, or dogs.)
RIGHT "U-R"
(Ken: Each correct response will end with the letters "U-R".)
    $300 6
eh

Dulé
    $300 11
the Titanic

Dulé
    $300 26
(Sheryl: Ooh, I'm glad none of us said that.)
(Ken: Now I'm gonna get the letter. Thanks, Sheryl.)

Died

Triple Stumper
    $300 25
vitamin C

Dulé
    $300 1
horse

Dulé
    $300 16
spur

Sheryl
    $600 7
Cajun

Peter
    $600 12
(Peter: What is, uh, Luke Skywalker?)
...
(Ken: I think Luke uses a lightsaber. This is [*].)

Han Solo

Peter
Triple Stumper
    $500 27
The Godfather

Dulé
    $600 24
electrolytes

Dulé
    $600 2
(Peter: What is a dog?)
(Sheryl: What is a hog?)
(Ken: Dulé, I like your chances, here.)

horse

DuléSherylPeter
    $600 20
(Sheryl: Who is Tupac [*]?)

Shakur

Sheryl
    $900 8
(Sheryl: In the "Bahstahn Yahd"?)

Hahvahd Yahd

Sheryl
Triple Stumper
    $400 13
(Ken: New country fan Dulé Hill.)

Willie Nelson

Dulé
    $900 28
George Balanchine

Triple Stumper
    $900 23
(Sheryl: [*]. What is [*]?)

vitamin D

Sheryl
    $900 3
(Sheryl: It's a trick.)

hog

Triple Stumper
    $900 19
lemur

Dulé
    $1200 9
(Dulé: What is Hackney?)

Cockney

DuléPeter
    $1200 14
(Sheryl: Um, what is Apple?)

Microsoft

DuléSheryl
    $1200 29
(Ken: You're back on the plus side!)
(Sheryl: I just don't want to lose with nothing! That's just embarrassing!)
(Ken: Here's your final clue, IN BOOKSTORES NOW. Sheryl, I strongly advise you to put down your buzzer, just in case.)

1619

Sheryl
    $1200 22
(Peter: What is calcium D? Vitamin D?)

vitamin K

Peter
Triple Stumper
    $1200 4
dog

Peter
    $1200 18
chauffeur

Dulé
    $1500 10
Jamaica

Dulé
    $1500 15
Good Times

Dulé
    $1500 30
(Ken: That's good advice.
"Who is romance novelist [*]?")
(Sheryl: You was right, Ken. You was right.)
(Ken: I just wanted to make sure you were here for this moment, Sheryl.)

Colleen Hoover

Triple Stumper
    $1500 21
folic acid

Triple Stumper
    $1500 5
(Peter: [Sighs] T--what is a dog?)
(Ken: I'm sorry, no.)
(Peter: Hog? [Clears throat])
(Ken: It's fifty-fifty now. You gotta buzz in. Dulé's gonna try it.)
(Dulé: What is... a... horse?)
(Ken: No.)
(Dulé: Damn it!)
(Ken: Yeah, Sheryl.)
(Sheryl: I forgot what they said. What is a dog?)
(Ken: No! No!)
(Sheryl: I forgot what they said.)
(Ken: It's the--it's the rare 0 for 3 in HORSE, HOG, OR DOG.)
(Peter: Do I get to do... does it come back to me?)
(Ken: You gotta have that short-term memory, too, Sheryl.)
(Sheryl: I know. I was like...)

hog

DuléSherylPeter
Triple Stumper
    $1,500 17
(Sheryl: What?! Go on, take the money. I have no idea.)
(Ken: Got a guess?)
(Sheryl: I don't know. Friskur.)
...
(Ken: That's a tough one if you don't do [*].)
(Peter: I do it on weekends. After my thumb wrestling matches.)

parkour

Sheryl

Scores at the end of the Triple Jeopardy! Round:

Dulé Sheryl Peter
$9,000 $200 $2,200
(lock game)

[wagering suggestions for these scores]

Final Jeopardy! Round responses

PLAY TITLES
(Ken: Langston Hughes asks, does a dream deferred "dry up like [*]?")
...
(Ken: [To Peter] Like watching a great magician do a trick. I love it.)
SherylWhat is A Raisin In the Sun?
$0
PeterWhat the heck happened to all my money?
$2,200
DuléWhat is "A Raisin In the Sun"?
$1,000
A Raisin in the Sun (by Lorraine Hansberry)

Final scores:

Dulé Sheryl Peter
$10,000 $200 $0
Winner: semifinalist 2nd place: $30,000 to the Pack Rat Foundation for Education 3rd place: $30,000 to the American Red Cross

Game dynamics:

Coryat scores:

Dulé Sheryl Peter
$9,600 $5,800 $2,700
24 R
(including 2 DDs),
7 W
22 R,
10 W
(including 3 DDs)
16 R,
8 W
(including 1 DD)

Combined Coryat: $18,100

[game clues] [game scores] [suggest correction]

Game tape date: 2023-08-23
The J! Archive is created by fans, for fans. Scraping, republication, monetization, and malicious use prohibited; this site may use cookies and collect identifying information. See terms. The Jeopardy! game show and all elements thereof, including but not limited to copyright and trademark thereto, are the property of Jeopardy Productions, Inc. and are protected under law. This website is not affiliated with, sponsored by, or operated by Jeopardy Productions, Inc. Join the discussion at JBoard.tv.